000 00259nam a22001217a 4500
008 180928b xxu||||| |||| 00| 0 eng d
041 _aeng
080 _a941
100 _a16
101 _aHIS
245 _athe Course History
_cMeyer,M,C
942 _2udc
_cBK
999 _c48684
_d48684